Aproximación a la intervención de agresores sexuales infantiles en libertad vigilada intensiva

El presente estudio aborda el proceso de intervención especializada de agresores sexuales infantiles, cuya sentencia condenatoria estableció la indicación del monitoreo constante de un delegado de Gendarmería de Chile por medio de la intervención individual en la pena sustitutiva de libertad vigilad...

Full description

Bibliographic Details
Main Author: Rojas Carvajal David Javier
Other Authors: Biénzobas Gwynn, Carolina (profesora guía)
Format: Tesis
Language:Spanish
Published: Santiago, Chile : Universidad Academia de Humanismo Cristiano, 2021.
Subjects:
Online Access:Disponible en línea (PDF). Biblioteca Digital UAHC

MARC

LEADER 00000nmm a22000007a 4500
001 000321
003 UAHC_CL
005 20231003114251.0
008 220706s2021 cl o d 000 spa
040 |a UAHC_CL  |c UAHC_CL  |d UAHC_CL 
100 |9 15261  |a Rojas Carvajal David Javier 
245 1 0 |a Aproximación a la intervención de agresores sexuales infantiles en libertad vigilada intensiva  |c David Javier Rojas Carvajal ; profesora guía Carolina Biénzobas Gwynn. 
260 |a Santiago, Chile :  |b Universidad Academia de Humanismo Cristiano,  |c 2021. 
300 |a 89 páginas. 
500 |a Artículo para optar al Título de Psicólogo/a. 
502 |a Artículo (Título de Psicólogo/a)--Universidad Academia de Humanismo Cristiano, 2021. 
516 |a Tesis electrónica (PDF). Solicitar envío de documento a biblioteca@academia.cl. 
520 |a El presente estudio aborda el proceso de intervención especializada de agresores sexuales infantiles, cuya sentencia condenatoria estableció la indicación del monitoreo constante de un delegado de Gendarmería de Chile por medio de la intervención individual en la pena sustitutiva de libertad vigilada intensiva. Mecanismo determinado por Ley 18.216 (1983), de 14 de mayo, modificada por la Ley 20.603 2012), de 27 de junio, que determina la política penitenciara que busca ejercer estrategias eficaces para la reinserción social de infractores de Ley, en el medio libre. 
650 0 |9 6848  |a Abuso sexual infantil   |x Aspectos psicológicos  |z Chile 
650 0 |9 12796  |a Libertad vigilada   |z Chile  
650 0 |9 15262  |a Pedofilia 
700 |a Biénzobas Gwynn, Carolina  |e profesora guía  |9 5260 
856 |u http://bibliotecadigital.academia.cl/xmlui/handle/123456789/6985  |y Disponible en línea (PDF). Biblioteca Digital UAHC 
900 |a TPSICO 878 
942 |c TS 
952 |0 0  |1 0  |2 ddc  |4 0  |6 TPSICO_878_000000000000000  |7 0  |8 COMP  |9 95374  |a BC  |b BC  |c Digital  |d 2022-06-29  |l 0  |o TPSICO 878  |r 2022-06-29 00:00:00  |w 2022-06-29  |y TS  |z Documento en PDF  |B PSI 
999 |c 59424  |d 59424